000 00734nam a2200229Ii 4500
003 JO-AjNU
008 230605s9999||||xx |||||||||||||| ||und||
017 _a1978/2226
020 _a977-7257-36-8
040 _aJO-AjNU
_bara
_erda
_cJO-AjNU
041 _aara
050 1 4 _aP121.H5 1993
100 3 _aفهمي حجازي، محمود تأليف,
_eauthor
_942609
245 0 0 _aمدخل الى علم اللغة
250 _aط2 معدلة
264 3 1 _aالقاهرة:دار الثقافة للنشر والتوزيع,1993
300 _a189ص
336 _atext
_btxt
_2rdacontent
337 _aunmediated
_bn
_2rdamedia
338 _avolume
_bnc
_2rdacarrier
650 4 _aاللغة-مدخل الى علم اللغة
_942610
999 _aA18257
_c21825
_d21825